Les pays par leur forme - Statistiques

Statistiques générales
  • Ce quiz a été pris 35 fois
  • Le résultat moyen est 36 sur 197
Statistiques - réponses
Par images Réponse % Correct
France
63%
Autriche
58%
Royaume-Uni
58%
Somalie
58%
Afrique du sud
54%
Australie
54%
Chili
54%
Chypre
54%
Etats-Unis
54%
Italie
54%
Mexique
54%
Norvège
54%
Vietnam
54%
Croatie
50%
Indonésie
50%
Russie
50%
Egypte
46%
Espagne
46%
Gambie
46%
Grèce
46%
Inde
46%
Israël
46%
Madagascar
46%
Suède
46%
Turquie
46%
Chine
42%
Islande
42%
Japon
42%
Mali
42%
Nouvelle-Zélande
42%
Sénégal
42%
Allemagne
38%
Brésil
38%
Cuba
38%
Monaco
38%
Namibie
38%
Philippines
38%
Thaïlande
38%
Vatican
38%
Argentine
33%
Irlande
33%
Benin
29%
Canada
29%
Laos
29%
Libye
29%
Maroc
29%
Mozambique
29%
Papouasie-Nouvelle-Guinée
29%
Pays-Bas
29%
Sri lanka
29%
Suisse
29%
Tchad
29%
Ukraine
29%
Algérie
25%
Danemark
25%
Ethiopie
25%
Guinée équatoriale
25%
Haïti
25%
Jordanie
25%
Kosovo
25%
Népal
25%
Palestine
25%
Panama
25%
Portugal
25%
Angola
21%
Arabie saoudite
21%
Malaisie
21%
Mauritanie
21%
Pakistan
21%
Tchéquie
21%
Trinité-et-Tobago
21%
Albanie
17%
Erythrée
17%
Estonie
17%
Finlande
17%
Gabon
17%
Hongrie
17%
Iran
17%
Kazakhstan
17%
Koweït
17%
Lettonie
17%
Libéria
17%
Micronésie
17%
Moldavie
17%
Mongolie
17%
Ouzbekistan
17%
République démocratique du Congo
17%
Slovénie
17%
Syrie
17%
Tadjikistan
17%
Botswana
13%
Bulgarie
13%
Colombie
13%
Emirats arabes unis
13%
Îles Salomon
13%
Kirghizistan
13%
Malawi
13%
Malte
13%
Nigeria
13%
Oman
13%
Pérou
13%
Slovaquie
13%
Soudan
13%
Timor oriental
13%
Togo
13%
Venezuela
13%
Yémen
13%
Zambie
13%
Zimbabwe
13%
Afghanistan
8%
Belgique
8%
Belize
8%
Biélorussie
8%
Bosnie-Herzégovine
8%
Botswana
8%
Cameroun
8%
Corée du Sud
8%
Costa Rica
8%
Côte d'Ivoire
8%
Ghana
8%
Guatemala
8%
Guinée
8%
Irak
8%
Jamaïque
8%
Kenya
8%
Liechtenstein
8%
Luxembourg
8%
Nauru
8%
Niger
8%
Paraguay
8%
Pologne
8%
République du Congo
8%
Serbie
8%
Soudan du Sud
8%
Tanzanie
8%
Tunisie
8%
Turkménistan
8%
Tuvalu
8%
Vanuatu
8%
Antigua-et-Barbuda
4%
Azerbaïdjan
4%
Bahamas
4%
Bahreïn
4%
Bangladesh
4%
Bolivie
4%
Burkina Faso
4%
Corée du Nord
4%
Djibouti
4%
El Salvador
4%
Equateur
4%
Fidji
4%
Géorgie
4%
Guinée-Bissau
4%
Guyana
4%
Îles Marshall
4%
Liban
4%
Lituanie
4%
Macédoine du Nord
4%
Ouganda
4%
Qatar
4%
République centrafricaine
4%
République dominicaine
4%
Roumanie
4%
Singapour
4%
Andorre
0%
Arménie
0%
Barbade
0%
Bhoutan
0%
Brunéi Darussalam
0%
Burundi
0%
Cambodge
0%
Cap-Vert
0%
Comores
0%
Dominique
0%
Eswatini
0%
Grenade
0%
Honduras
0%
Île Maurice
0%
Kiribati
0%
Lesotho
0%
Maldives
0%
Monténégro
0%
Myanmar
0%
Nicaragua
0%
Palaos
0%
Rwanda
0%
Saint-Christophe-et-Niévès
0%
Sainte-Lucie
0%
Saint-Marin
0%
Saint-Vincent et les Grenadines
0%
Samoa
0%
Sao Tomé-et-Principe
0%
Seychelles
0%
Sierra leone
0%
Suriname
0%
Tonga
0%
Uruguay
0%
Aucun quiz correspondant
Distribution des résultats
% des personnes avec chaque résultat
Percentile par nombre de réponses
Votre historique - résultats
Vous n’avez pas pris ce quiz